00654 2200265 4500001002100000008004100021035002000062245005600082100002000138260003100158300001100189084001600200082000800216650002400224990001400248990001400262990001400276990001400290990001400304990001400318990001400332990001400346990001400360990001400374INLIS000000000000808 ind  a0010-0426000005 aMandiri Plus Fisika SMA/MA Kelas XIcNi Ketut Lasmi aLasmi, Ni Ketut aJakarta :bErlangga,c2025 c25 cm. a530 LAS m-1 a530 aPendidikan - Fisika a000001463 a000001464 a000001465 a000001466 a000001467 a000001468 a000001469 a000001470 a000001471 a000001472